000 00787na a2200277 4500
001 16020
003 MIRAKIL
005 20181213155029.0
008 161013b tu 000 0
020 _a9786058932005
035 _a16020
040 _aMilas
_btur
_cTR-AnCHP
082 _a928 Karacaoğlan
_bE67t 2009
090 _a928 Karacaoğlan E67t 2009
100 _aErtaş, Murat
245 _aTaşeli'nin batmayan güneşi Karacaoğlan
_cMustafa Ertaş
246 _aKaracaoğlan
260 _aKonya
_bErtaş Yayınları
_c2009
300 _a270 s.
_bftg.
_c21 sm.
440 _aErtaş Yayınları
_v6
504 _aKaynakça ve dizin var.
600 _aKaracaoğlan
_xYaşamöyküsü
650 _aHalk şairleri
_zTürkiye
650 _aHalk şiiri
942 _2dcc
_cBKS
999 _c5158
_d5158